|
|
|
|
| LEADER |
00000nam a2200000 a 4500 |
| 001 |
vtls010272105 |
| 003 |
SK-MaSNL |
| 005 |
20260302011723.0 |
| 008 |
240314s2011 xr n 001 0 cze |
| 015 |
|
|
|a SNBZSA2012-00243
|
| 020 |
|
|
|a 9788072851348
|q (brož.)
|
| 035 |
|
|
|a E7C08774-E876-49F8-8145-4F96F2A8705A
|
| 035 |
|
|
|a urn:nbn:sk:snk-aml7a5
|
| 035 |
|
|
|a urn:nbn:sk:snk-am008tsi
|
| 040 |
|
|
|a SNK
|b slo
|c SNK
|e AACR2
|
| 041 |
0 |
|
|a cze
|b eng
|
| 043 |
|
|
|a e-cs---
|a e-pl---
|
| 044 |
|
|
|a xr
|c CZ
|
| 072 |
|
7 |
|a 94(430/439)
|x Dejiny krajín strednej Európy
|2 konspekt
|
| 072 |
|
7 |
|a 323
|x Vnútropolitický vývoj, politický život
|2 konspekt
|
| 080 |
|
|
|a 94(438)
|x "1968/1981"
|2 2001
|
| 080 |
|
|
|a 94(437)
|x "1968/1981"
|2 2001
|
| 080 |
|
|
|a 323
|2 2001
|
| 080 |
|
|
|a (048.8)
|2 1981
|
| 080 |
|
|
|a 323.22
|2 2001
|
| 100 |
1 |
|
|a Zahradníček, Tomáš,
|d 1971-
|4 aut
|9 105234
|
| 245 |
1 |
0 |
|a Polské poučení z Pražského jara
|b tři studie z dějin politického myšlení 1968-1981
|c Tomáš Zahradníček
|
| 260 |
|
|
|a Praha
|b Ústav pro soudobé dějiny AV ČR
|c 2011
|
| 300 |
|
|
|a 183 s.
|c 21 cm
|
| 490 |
1 |
|
|a Sešity Ústavu pro politické dejiny
|v 44
|
| 500 |
|
|
|a Chronologický prehľad
|
| 504 |
|
|
|a Bibliogr. s. 171-176. Bibliogr. odkazy. Reg.
|
| 546 |
|
|
|a Res. angl.
|
| 610 |
2 |
7 |
|a Niezależny Samorządny Związek Zawodowy "Solidarność" (odborová organizácia)
|2 SNK
|9 153273
|
| 648 |
|
7 |
|a 1968-1981
|2 SNK
|9 652571
|
| 648 |
|
7 |
|a 1968-1989
|2 SNK
|9 313180
|
| 650 |
0 |
7 |
|a Pražská jar (1968 : Československo)
|2 SNKPH
|9 68802
|
| 650 |
0 |
7 |
|a August (1968 : Československo)
|2 SNKPH
|9 68467
|
| 650 |
0 |
7 |
|a politické názory a postoje
|2 SNKPH
|9 4305
|
| 650 |
0 |
7 |
|a disent
|2 SNKPH
|9 83661
|
| 650 |
0 |
7 |
|a politická opozícia
|2 SNKPH
|9 4810
|
| 650 |
0 |
7 |
|a Prague Spring, 1968
|2 SNKPHeng
|9 309826
|
| 650 |
0 |
7 |
|a Dissent
|2 SNKPHeng
|9 270650
|
| 650 |
0 |
7 |
|a Political opposition
|2 SNKPHeng
|9 310479
|
| 651 |
|
7 |
|a Poľsko
|2 SNKPHgeo
|9 16755
|
| 651 |
|
7 |
|a Poland
|2 SNKPHeng
|9 265193
|
| 655 |
|
7 |
|a štúdie
|2 SNKPH
|9 57033
|
| 655 |
|
7 |
|a Monographs
|2 SNKPHeng
|9 120675
|
| 830 |
|
0 |
|a Sešity Ústavu pro politické dejiny
|9 652572
|
| 919 |
|
|
|a 978-80-7285-134-8
|
| 958 |
|
|
|a ZS
|
| 958 |
|
|
|a PL
|
| 958 |
|
|
|a CZ
|
| 958 |
|
|
|a OND
|
| 999 |
|
|
|c 1007157
|d 1009087
|
| 952 |
|
|
|a SNK
|b SNK
|y PREZ
|7 0
|p 17A0701593
|o snkSC 145173
|i snk2011/9688
|8 2
|g 4.13
|0 0
|1 0
|4 0
|d 2011-04-18
|f 1
|l 0
|r 2025-07-14 00:00:00
|w 2026-02-24
|